Food Analysis (Record no. 14680)
[ view plain ]
| 000 -LEADER | |
|---|---|
| fixed length control field | 00367nam a22001337a 4500 |
| 020 ## - INTERNATIONAL STANDARD BOOK NUMBER | |
| ISBN | 9788126159840 |
| 082 ## - DEWEY DECIMAL CLASSIFICATION NUMBER | |
| Classification number | 664.03 |
| Item number | CHO/FO |
| 100 ## - MAIN ENTRY--AUTHOR NAME | |
| Personal name | Choudhary,Ashk Kumar |
| 245 ## - TITLE STATEMENT | |
| Title | Food Analysis |
| 260 ## - PUBLICATION, DISTRIBUTION, ETC. (IMPRINT) | |
| Place of publication | New Delhi |
| Name of publisher | Anmol Publications Pvt. Ltd. |
| Year of publication | 2014 |
| 300 ## - PHYSICAL DESCRIPTION | |
| Number of Pages | 248 |
| 490 ## - SERIES STATEMENT | |
| Series statement | Encyclopaedia of Agricultural Science and Engineering Series |
| 942 ## - ADDED ENTRY ELEMENTS (KOHA) | |
| Koha item type | Books |
| Withdrawn status | Lost status | Damaged status | Collection code | Home library | Current library | Shelving location | Date acquired | Source of acquisition | Cost, normal purchase price | Full call number | Accession Number | Koha item type |
|---|---|---|---|---|---|---|---|---|---|---|---|---|
| KAUAET | KAUAET | General Stacks | 27/07/2016 | Penta Books Distributors, Calicut. | 3000.00 | 664.03 CHO/FO | 24203 | Books |
